000 00479pab a2200157 454500
008 180718b2005 xxu||||| |||| 00| 0 eng d
100 _aConners, Joan L.
245 _aVisual representations of the 2004 Presidential campaign: political cartoons and popular culture references
260 _c2005
300 _ap.479-87.
362 _aNov
650 _aUnited States. President - Elections
650 _aPresidents
773 _aAmerican Behavioral Scientist
909 _a67777
999 _c67777
_d67777